Władcy Polski z dynastii Piastów ze schematem - Statystyki

Ogólne statystyki
  • Ten quiz został rozwiązany 21 425 razy
  • Średni wynik to 6 z 11
Odpowiedzi na mapie
Odpowiedzi zakodowano w zielono-czerwonej skali na mapie do tego quizu, zgodnie z poniższymi procentami.
 
Statystyki odpowiedzi
Odpowiedź % Poprawnych
Bolesław I Chrobry
88%
Mieszko I
87%
Mieszko II Lambert
57%
Kazimierz III Wielki
54%
Bezprym*
52%
Bolesław III Krzywousty
47%
Bolesław II Szczodry (Śmiały)
45%
Władysław I Łokietek
45%
Kazimierz I Odnowiciel
35%
Zbigniew*
35%
Władysław I Herman
31%
Nie znaleziono quizów pasujących do podanych kryteriów
Rozkład punktacji
Procent ludzi z każdym wynikiem
Percentyl według liczby udzielonych odpowiedzi
Twoja historia wyników
Nie rozwiązałeś tego quizu